00716 2200229 4500001002100000005001500021035002000036007000300056008004100059020001800100082001200118084001800130100002500148245002100173260004400194300000900238500016000247650004600407856001700453990000800470990000800478INLIS00000000000009320220127085348 a0010-0122000093ta220127 g 0 ind  a9789790502505 a005.268 a005.268 SUH m0 aSuharno Widi Nugroho1 aMengenal Windows aJakarta :bBina Sumber Daya Mipa,c2010 bfoto aBuku ini disusun secara sederhana yang disesuaikan dengan kurikulum dan pelajaran di sekolah dengan tujuan agar siswa dapat mengenal dan memahami komputer. 4aPemrograman untuk Sistem Operasi Tertentu aKoleksi Umum a194 a195